[Event "Steinfurt Bezirksliga 1213"]
[Site "Germany"]
[Date "2012.10.27"]
[Round "2.5"]
[White "Beeger, Kai"]
[Black "Hallmeier, Philipp"]
[Result "0-1"]
[WhiteElo "1243"]
[BlackElo "1634"]
[PlyCount "98"]
[EventDate "2012.09.22"]
[EventType "team-tourn"]
[EventRounds "9"]
[EventCountry "GER"]
[SourceTitle "EXT 2015"]
[Source "ChessBase"]
[SourceDate "2014.11.20"]
[SourceVersion "1"]
[SourceVersionDate "2014.11.20"]
[SourceQuality "1"]
[WhiteTeam "Westerkappeln"]
[BlackTeam "Ibbenbueren II"]
[WhiteTeamCountry "GER"]
[BlackTeamCountry "GER"]

1. Nf3 d5 2. g3 c5 3. d3 Nf6 4. Bg2 e6 5. 0-0 Bd6 6. Bg5 h6 7. Bxf6 Qxf6 8. c3 Nc6 9. e4 0-0 10. Re1 Bd7 11. Nbd2 Rfe8 12. Rb1 b5 13. exd5 exd5 14. Qb3 Ne7 15. Nh4 Bc6 16. Qc2 a6 17. b4 cxb4 18. cxb4 Rac8 19. Qb3 Rc7 20. Rbc1 Rec8 21. Bh3 Bd7 22. Rxc7 Rxc7 23. Bxd7 Rxd7 24. Qa3 Be5 25. Rc1 Bb2 26. Qb3 Bxc1 27. Nhf3 Qb2 28. Qd1 Bxd2 29. Nxd2 Rc7 30. Qe2 Qxb4 31. Qe5 Rc1+ 32. Nf1 Qe1 33. Qxe1 Rxe1 34. Kg2 Rxf1 35. Kxf1 Nc6 36. Ke2 Nb4 37. a3 Nc2 38. Kd2 Nxa3 39. Kc3 a5 40. Kb3 b4 41. Kb2 a4 42. f3 Nb5 43. h3 d4 44. Ka2 Nc3+ 45. Kb2 a3+ 46. Kb3 a2 47. Kb2 b3 48. Ka1 Nd5 49. Kb2 Ne3 0-1

[Event "Steinfurt Bezirksliga 1112"]
[Site "Germany"]
[Date "2012.06.02"]
[Round "9.5"]
[White "Hallmeier, Philipp"]
[Black "Niering, Thorsten"]
[Result "0-1"]
[WhiteElo "1426"]
[BlackElo "1853"]
[PlyCount "92"]
[EventDate "2011.10.01"]
[EventType "team-tourn"]
[EventRounds "9"]
[EventCountry "GER"]
[SourceTitle "EXT 2013"]
[Source "ChessBase"]
[SourceDate "2012.11.22"]
[SourceVersion "1"]
[SourceVersionDate "2012.11.22"]
[SourceQuality "1"]
[WhiteTeam "Ibbenbueren II"]
[BlackTeam "Steinfurt III"]
[WhiteTeamCountry "GER"]
[BlackTeamCountry "GER"]

1. e4 g6 2. d4 Bg7 3. Nf3 d6 4. Be3 a6 5. Bc4 e6 6. Nc3 Ne7 7. 0-0 h6 8. Qd2 b6 9. a4 Nd7 10. Rfe1 Bb7 11. Rad1 Nf6 12. Bf4 Nh5 13. Be3 Nf6 14. Bf4 Qd7 15. b4 g5 16. Bg3 Nh5 17. Qd3 Nxg3 18. fxg3 g4 19. Nd2 Nc6 20. Na2 Bxd4+ 21. Kh1 Bg7 22. b5 Ne5 23. Qe2 a5 24. Bb3 h5 25. Nc4 h4 26. gxh4 Rxh4 27. g3 Rh8 28. Nxe5 Bxe5 29. Qxg4 0-0-0 30. Kg1 Rdg8 31. Qe2 Qe7 32. Qf2 Qh4 33. Re3 Bxe4 34. Nc3 Bb7 35. Ne2 Qh6 36. Rd2 Kb8 37. Rd1 Qg7 38. Rdd3 Rh6 39. Qe1 Rgh8 40. Qf2 f5 41. c3 f4 42. Nxf4 Bxf4 43. Qxf4 Rxh2 44. Rxe6 Rh1+ 45. Kf2 R8h2+ 46. Ke3 Re1# 0-1

[Event "Steinfurt Bezirksklasse 0809"]
[Site "Germany"]
[Date "2008.12.06"]
[Round "3.8"]
[White "Wehner, Siegfried"]
[Black "Hallmeier, Philipp"]
[Result "1-0"]
[WhiteElo "1394"]
[BlackElo "1049"]
[PlyCount "91"]
[EventDate "2008.09.13"]
[EventType "team-tourn"]
[EventRounds "7"]
[EventCountry "GER"]
[SourceTitle "EXT 2010"]
[Source "ChessBase"]
[SourceDate "2010.11.25"]
[SourceVersion "1"]
[SourceVersionDate "2010.11.25"]
[SourceQuality "1"]
[WhiteTeam "Reckenfeld II"]
[BlackTeam "Ibbenbueren III"]
[WhiteTeamCountry "GER"]
[BlackTeamCountry "GER"]

1. Nf3 Nc6 2. c4 e5 3. Nc3 Nf6 4. d3 Bb4 5. Qc2 Nd4 6. Qd2 Nxf3+ 7. exf3 0-0 8. a3 Bxc3 9. Qxc3 d6 10. g3 Qe7 11. Bg2 Bf5 12. Bg5 h6 13. Bxf6 Qxf6 14. 0-0 Rac8 15. Rfe1 c5 16. Re3 a6 17. Rae1 Qg5 18. h4 Qg6 19. g4 Bd7 20. Qd2 f5 21. h5 Qg5 22. R3e2 Qxd2 23. Rxd2 fxg4 24. fxg4 Bxg4 25. Bxb7 Rc7 26. Bxa6 Bxh5 27. Re3 Rf4 28. Bb5 g5 29. Rh3 Rh4 30. Rxh4 gxh4 31. a4 h3 32. a5 Ra7 33. a6 Kg7 34. Kh2 Bg4 35. Kg3 Bf5 36. f4 exf4+ 37. Kxf4 Kg6 38. b3 h2 39. Rxh2 Bxd3 40. Rg2+ Kh7 41. Rd2 Bg6 42. Rxd6 Rf7+ 43. Kg3 Kg7 44. Rxg6+ Kxg6 45. Be8 Kf6 46. Bxf7 1-0